000 00654nam a22002537a 4500
020 _a9507271961
080 _a947.919 F 182
100 _aFalcòn Enrique M.
245 _aProcesos de Ejecuciòn
260 _aBuenos Aires
_bRubinzal- Culzoni
_c1999
300 _a365 P.
650 _xderecho procesal civil
650 _xproceso ejecutivo
650 _xmedidas cautelares
650 _xtercerìas
650 _xtercerìa de dominio
650 _xtercerìa de mejor derecho
650 _xembargo
650 _xexcepeciones
650 _xejecuciòn hipotecaria
650 _xejecuciòn fizcal
945 _acd
_d2015-06-08
999 _c3994
_d234498
942 _6_